000 00438nam a2200169 a 4500
001 0000-9102
003 ELIB.Books
008 110520 2007
035 _a(ELIB.Books)0000-9251
082 _aM.A.R.
_bBu
100 _aBu Gay, Saw
245 _aUnderstanding and Helping Youth
260 _bInsein: Karen Baptist Theological Seminary
_c2007
650 _aThesis
942 _2ddc
_cBK
998 _cbat
_e2011-05-20
999 _c9102
_d9102